10 plus grand lac du monde - Statistiques

Statistiques générales
  • Ce quiz a été pris 35 fois
  • Le résultat moyen est 5 sur 10
Statistiques - réponses
km2 Lac % Correct
69 485 Lac Victoria
84%
31 722 Lac Baïkal
71%
57 750 Lac Michigan
71%
82 100 Lac Supérieur
65%
25 719 Lac Érié
61%
59 600 Lac Huron
35%
30 044 Lac Malawi
29%
32 893 Lac Tanganyika
16%
31 153 Lac Grand lac de l'Ours
13%
28 930 Lac Grand lac des Esclaves
13%
Aucun quiz correspondant
Distribution des résultats
% des personnes avec chaque résultat
Percentile par nombre de réponses
Votre historique - résultats
Vous n’avez pas pris ce quiz